Teoría y cálculo elemental de las decisiones /

Guardado en:
Autor Principal: Chernoff, Herman.
Otros Autores: Moses, Lincoln E.
Formato: Libro
Idioma:Spanish
English
Publicado: México : Compañía Continental, 1962.
Materias:
Etiquetas: Agregar Etiqueta
Sin Etiquetas, Sea el primero en etiquetar este registro!
LEADER 00868nam a2200205a 45000
001 EAD.ead004694
008 080718s1962####mx############000#0#spa#d
005 20230731190550.0
245 1 0 |a Teoría y cálculo elemental de las decisiones /  |c POR Herman Chernoff Y Lincoln E. Moses. 
260 |a México :  |b Compañía Continental,  |c 1962. 
300 |a 403 p. ;  |c 24 cm. 
500 |a Traducción de; Elementary decisión rheory. 
505 0 |a "Muestra el uso de la Teoría de las decisiones, como medio para mejorar la claridad en la comprensión de los principios básicos de la teoría estadística" -- Tapa. 
100 1 |a Chernoff, Herman. 
700 1 |a Moses, Lincoln E. 
082 0 4 |a 519.9  |2 21 
650 7 |a Teoría de las decisiones.  |2 unbist 
650 7 |a Teoría estadística.  |2 unbist 
041 1 |a spa  |h eng 
859 |a AR-BaBDC  |b BIB. ADMINISTRACION - Libros  |h 519.9  |i C424  |p b00389